00218nam a2200085Ia 4500008004100000041000800041100002800049245004600077260000900123230508s1989 xx 000 0 und d aeng aJ.S.D. AZZO, C.H.HOUPIS aFEEDBACK CONTROL SYS.ANALYSIS & SYNTHESIS c1989